Radosť z práce ako motivačný faktor
Rozdielne prístupy k tej istej práci u dvoch zamestnancov. Cvikanie v zamestnaní. Rešpekt a záujem silnejší než peniaze. Čistý vzduch vo firme. Tolerovanie iného názoru a pozorné počúvanie.
Salvato in:
| Autore principale: | |
|---|---|
| Natura: | Capitolo di libro |
| Lingua: | slovacco |
| Soggetti: | |
| Tags: |
Nessun Tag, puoi essere il primo ad aggiungerne!!
|
MARC
| LEADER | 00000naa a2200000 4500 | ||
|---|---|---|---|
| 001 | 0136521 | ||
| 005 | 20231109102900.9 | ||
| 041 | 0 | |a slo | |
| 044 | |a SK | ||
| 245 | 1 | 0 | |a Radosť z práce ako motivačný faktor |c Jana Škutková |
| 520 | |a Rozdielne prístupy k tej istej práci u dvoch zamestnancov. Cvikanie v zamestnaní. Rešpekt a záujem silnejší než peniaze. Čistý vzduch vo firme. Tolerovanie iného názoru a pozorné počúvanie. | ||
| 610 | 2 | 0 | |a práca |
| 610 | 2 | 0 | |a zamestnanie |
| 610 | 2 | 0 | |a zamestnanci |
| 610 | 2 | 0 | |a zamestnávatelia |
| 610 | 2 | 0 | |a manažéri |
| 610 | 2 | 0 | |a motivácia pracovná |
| 100 | 1 | |a Škutková, Jana | |